[Event "Dortmund SuperGM 43rd"]
[Site "Dortmund"]
[Date "2015.07.03"]
[Round "5"]
[White "Kramnik, Vladimir"]
[Black "Caruana, Fabiano"]
[Result "0-1"]
[WhiteElo "2783"]
[BlackElo "2805"]
[Annotator "Sagar Shah"]
[PlyCount "76"]
[EventDate "2015.06.27"]
[EventType "tourn"]
[EventRounds "7"]
[EventCountry "GER"]
[EventCategory "19"]
[SourceTitle "CBM 167"]
[Source "ChessBase"]
[SourceDate "2015.07.13"]
[SourceVersion "1"]
[SourceVersionDate "2015.07.13"]
[SourceQuality "1"]

{After four rounds Kramnik was jointly leading the tournament with Liviu
Dieter Nisipeanu with 3.0/4. Caruana was half a point behind with 2.5/4.} 1.
Nf3 d5 2. g3 g6 3. Bg2 Bg7 4. d4 Nf6 5. O-O O-O 6. c4 c6 {The solid setup
against the Fianchetto Grunfeld is one of the toughest systems for white to
crack. But who better than the big Vlad to give it a try!} 7. Nbd2 (7. Qb3 {
has become quite popular recently.}) (7. cxd5 cxd5 {Even though White has an
extra tempo I don't believe he has serious chances of obtaining an advantage.})
(7. b3 dxc4 8. bxc4 c5 {is quite a heavily analyzed line.}) 7... a5 (7... Bf5 {
is much more common. A typical line of play would go something like this:} 8.
b3 Ne4 9. Bb2 Nd7 10. Nh4 Nxd2 11. Qxd2 Be6 12. e4 dxe4 13. Bxe4 Bh3 14. Rfe1
$14 {with a slight edge for White. This had been played between Nakamura and
Leko in 2012 London GP.}) 8. b3 a4 9. Ba3 $5 (9. Bb2 {is the more common move
but Ba3 is the latest innovation and has been scoring quite decently for White.
} Bf5 {with an interesting position.}) 9... axb3 10. axb3 Bf5 11. Nh4 Be6 12.
Re1 {White prepares the move e4.} (12. e4 $2 dxe4 13. Nxe4 Nxe4 14. Bxe4 Qxd4
$17) (12. Qc2 $5 {has a nice trap of Bxe7 unleashing a discovered attack on
the rook on a8.} dxc4 $2 (12... Nbd7 13. e3 $14 (13. e4 $6 dxe4 14. Nxe4 Nxe4
15. Qxe4 Qb6 $15)) 13. Bxe7 $1 $16) 12... Ne4 13. Bxe4 $5 {A very unorthodox
exchange by Kramnik. He is trying to spice up the position.} (13. e3 {was a
safer choice with a slightly preferable position for White.}) (13. Nxe4 dxe4
14. Bxe4 Qxd4 15. Qxd4 Bxd4 16. Bb2 $1 Rxa1 17. Bxa1 Bg7 $11 {would have lead
to a handshake pretty soon.}) 13... dxe4 14. Nxe4 (14. e3 $11 {was necessary
as the move chosen by Kramnik in the game leads to a clearly inferior position.
}) 14... Qxd4 (14... Bxd4 $2 15. Bxe7 $1 $16 {just drops a pawn.}) 15. Qc2 $5 {
This is objectively a bad move. However, it takes many precise moves from
Caruana to prove that. If Black were to play anything apart from Bf5 on the
next move then White has a fine position.} (15. Qxd4 Bxd4 16. Bb2 Rxa1 17. Bxa1
Bb6 $15 {Keeping the double bishops. Of course, this was not the reason why
Kramnik had given up his light squared bishop on e4.}) 15... Bf5 $1 {An
excellent tactical resource that might have been missed or underestimated by
Kramnik.} (15... Qxa1 $6 16. Rxa1 Bxa1 17. Bxe7 $16 {The queen will prove to
be much stronger in such a position, with the knights on the board, than the
two rooks.}) (15... Nd7 16. Rad1 Qb6 17. Bxe7 Rfe8 18. Bd6 $13 {Black has
compensation but White is not worse.}) (15... Re8 16. Bb2 Rxa1 17. Bxa1 Qb6 18.
Bxg7 Kxg7 19. Rd1 $11) 16. Nxf5 gxf5 17. Ng5 (17. Nd2 Qc3 $1 {is the neat
little point.} 18. Qa2 Qa5 $17 {The exchange is lost.}) (17. Nc5 Rxa3 18. Rxa3
Qxc5 $17) 17... Qg4 {The queen attacks the knight and the bishop on g7
uncovers an attack on the a1-rook.} 18. f4 Bxa1 19. Rxa1 h6 $6 (19... c5 $1 {
would have given Caruana a nearly decisive advantage. The idea is to develop
the knight on c6 where it will be much more active than on d7 as in the game.}
20. Bb2 (20. Qc3 Nc6 21. Bxc5 Rxa1+ 22. Qxa1 Qxe2 $19 {The is the difference
of not playing h6 and pushing the knight back to f3.}) 20... Rxa1+ 21. Bxa1 Nc6
$17) 20. Nf3 Nd7 (20... c5 {would no longer be strong because} 21. Qc3 Nc6 22.
Bxc5 $15 {when Black's advantage is reduced to a minimum.}) 21. Rd1 $1 {
Kramnik takes his best practical chance to keep the rooks on board.} Rxa3 22.
Rxd7 Qh3 $1 {Keeping an eye on the white king.} 23. Qc3 e6 $6 {This terribly
weakens the f6 square and gives White enough counterplay against the f7-point.}
(23... Rfa8 {would have been much stronger as after} 24. Rxe7 $6 (24. Rxb7 $2
Ra1+ 25. Kf2 Rf1+ 26. Ke3 Qg2 $19) 24... Ra1+ 25. Kf2 (25. Ne1 Rb1 (25... Rd1
26. b4 b6 27. c5 bxc5 28. bxc5 h5 $19) 26. b4 b6 {The rook on e7 cannot give
up the e-file is the main reason for the zugzwang.} 27. c5 b5 28. Rd7 Re8 $19)
25... Rf1+ 26. Ke3 Qg2 $19 {The attack against the white king breaks through.
The most critical move Qf6 is refuted in the following manner:} 27. Qf6 Rxf3+
$1 (27... Qf2+ $6 28. Kd3 Rd1+ (28... Rd8+ 29. Kc2 $16) 29. Kc3 Rc1+ 30. Kd2 (
30. Kd3 $2 Rd8+ $19) 30... Ra2+ 31. Kd3 $11 (31. Kxc1 Qf1+ $18) 31... Rd1+ 32.
Kc3 Rc1+ 33. Kd3 $11) 28. exf3 Qg1+ 29. Kd3 Qd1+ 30. Ke3 (30. Kc3 $2 Qa1+ $19)
30... Qe1+ 31. Kd3 Rd8+ $1 32. Kc2 Rd2+ 33. Kc3 Re2+ $19) 24. Rxb7 Rfa8 25. Kf2
Ra1 26. Ke3 $1 {The king is safe on the e3-square.} Rf1 27. Qf6 Rf8 {Once the
rook has to passively defend the f7-point, it is clear that White cannot be
worse.} 28. Rd7 (28. Kd4 $5 {In this age where we are seeing king walks in
almost every other tournament this move would have been really loved by the
spectators. It doesn't really change the assessment of the position but Black
has to quickly find a way to get his queen into the game. Most probably the
game would end something like this} Qg2 29. Qxh6 Qxe2 30. Qg5+ $11 Kh7 31. Qh4+
Kg8 32. Qg5+ $11) 28... Rb1 29. Rb7 c5 30. Rb5 Rf1 31. Nd2 $2 {It is quite
possible that Kramnik was under time pressure as this gives Black the golden
opportunity to get a winning position.} (31. Rxc5 Rxf3+ 32. exf3 Qxh2 $11 {
would have ended in a draw.}) 31... Rc1 32. Qb2 (32. Nf3 Qf1 $1 33. Qxh6 Rc3+
34. Kd2 Qc1#) 32... Rd1 33. Qc2 Rh1 {White has lost all his co-ordination and
now the Black pieces weave a deadly attack.} 34. Nf3 Qg2 35. Qc3 Rf1 36. Qf6
Rf2 37. Kd3 (37. Qb2 Rxf3+ $19) 37... Rxe2 38. Ng5 Rd2+ {What an exciting game.
First Kramnik plays the opening in dubious fashion and gets a minus position.
Caruana makes one inaccurate move and just when we felt that the game was
heading towards a draw, Kramnik makes a very huge mistake by playing Nd2.
After that Caruana finished off the game to perfection.} (38... Rd2+ 39. Kc3
Rc2+ 40. Kd3 Qd2#) 0-1

[Event "Dortmund SuperGM 43rd"]
[Site "Dortmund"]
[Date "2015.07.05"]
[Round "7"]
[White "So, Wesley"]
[Black "Kramnik, Vladimir"]
[Result "1-0"]
[WhiteElo "2778"]
[BlackElo "2783"]
[Annotator "Sagar Shah"]
[PlyCount "151"]
[EventDate "2015.06.27"]
[EventType "tourn"]
[EventRounds "7"]
[EventCountry "GER"]
[EventCategory "19"]
[SourceTitle "CBM 167"]
[Source "ChessBase"]
[SourceDate "2015.07.13"]
[SourceVersion "1"]
[SourceVersionDate "2015.07.13"]
[SourceQuality "1"]

{Wesley had been having a topsy turvy tournament in Dortmund. Wins against
Caruana and Nepo were compensated by losses against Nisipeanu and Naiditsch.
But his final round victory against Kramnik would have been especially sweet
because he beat the former World Champion in his favourite Berlin Defence.} 1.
e4 e5 2. Nf3 Nc6 3. Bb5 Nf6 4. O-O Nxe4 5. d4 Nd6 6. Bxc6 dxc6 7. dxe5 Nf5 8.
Qxd8+ Kxd8 9. h3 {These opening moves require no explanation for active chess
player. The Berlin wall has been played many times in the fast few years but
the move h3 is the product of trying to find the best move order. h3 instead
of Nc3 is the much more fashionable move these days. White keeps his options
open. Sometimes the N goes to f3 via d2.} Ne7 10. Nc3 Bd7 {Kramnik uses a line
that has only been played ten times in the past and one in which Black players
haven't scored a win. But it was never been tried by a 2700+ player.} (10...
Ng6 {is the main move.}) (10... h6 {is the second most played move in the
position.}) 11. Ng5 $146 {This is a new move in the position. A clear
indication that this was not prepared by Wesley is the fact that he used seven
and a half minutes for this move.} Ke8 12. e6 $5 {Played after 20 minutes of
thought. Wesley definitely was trying to weigh the pros and cons of this
sacrifice. On one hand he loses a pawn but on the other he get a very nice
initiative and squares like e4 for his knight.} Bxe6 (12... fxe6 13. Re1 Nf5
14. Nxe6 Bxe6 15. Rxe6+ Kf7 $11 {was also a possible line.}) 13. Nxe6 fxe6 14.
Re1 Kf7 {The computer already likes Black's position but in a practical game
things are not so simple. So would like to place his knight on e4 and create
some problems for the king on f7.} 15. Ne4 h6 {Of course, preventing Ng5.} 16.
Rd1 {Nine and a half minutes for this move. It would definitely not have been
easy for Wesley to play it. But he realises that the d-file is more important
than the e-file.} (16. Nc5 {with a double attack on e6 and b7 is met by} Nd5 $1
17. Nxb7 Rb8 18. Na5 Bb4 $1 19. Nxc6 Bxe1 20. Nxb8 Rxb8 $17) 16... e5 (16...
Nd5 17. c4 Nf6 18. Nxf6 Kxf6 19. Bd2 (19. Rd7 Bd6 $15) 19... Bd6 20. Bc3+ e5
$11 {Black doesn't have too many problems here. A very interesting line could
go something like this.} 21. b4 b6 22. f4 Rhe8 23. Re1 g5 $1 24. fxe5+ Bxe5 25.
Rxe5 Rxe5 26. Re1 Rae8 27. g4 R8e6 28. Kg2 Re7 29. a4 a6 $11 {Black is all
tied up but there is absolutely no way for White to deliver the final blow.})
17. Rd7 Rc8 18. Bd2 b6 {After the c5-square is controlled, Black now threatens
Ke6.} (18... Ke6 $2 19. Nc5+ $14) 19. Re1 Ke6 20. Rd3 c5 ({Maybe it's not such
a huge inaccuracy to play c5, but it made more sense to play g5 followed by
Bg7 to finish the development.} 20... g5 {and with this move Black also
prevents White's f4 which would open up the king in the center.}) 21. f4 $1 Nc6
22. Rg3 Re8 (22... Nd4 23. c3 Nf5 24. Rg4 $13 {[%csl Re5][%cal Ge4g3,Ge1e6]})
23. fxe5 g5 (23... Nxe5 24. Bc3 Kd5 {The king looks pretty cool in the center
of the board. Unlike Bruzon's king against Wei Yi from one of the best games
of 2015, this one is way safer!} 25. Nd2 c4 $13) 24. h4 Bg7 25. hxg5 Bxe5 26.
Rf3 hxg5 27. Bxg5 $6 {The game had reached the pinnacle of excitement with
both players making excellent moves. Here Bxg5 is not the most accurate.
Better would have been} (27. Nf6 $5 Ref8 28. Bxg5 Nd4 $2 (28... Rf7 $142 $11)
29. Rxe5+ $1 Kxe5 30. Nd7+ Kd6 31. Rxf8 Rh5 $1 32. Nxc5 $1 bxc5 (32... Rxg5 $2
33. Ne4+ $16) 33. Bf6 Nxc2 34. g4 $14) 27... Bd4+ $1 28. Nf2+ Kd5 29. Rd1 Rhg8
(29... Ne5 $5 30. Rf5 (30. c3 $2 Nxf3+ 31. gxf3 Rhg8 32. f4 Re2 33. cxd4 cxd4
$17) 30... Rhf8 31. Rxf8 Rxf8 $15) 30. Bf4 Re2 $5 {Kramnik might have assessed
the piece sacrifice in his favour. Objectively White should be better but
practically it's easier to play as Black as the pawns on the queenside just
have to be pushed whereas So has to find the accurate setup of pieces.} (30...
Kc4 $1 31. c3 Be5 $11 {Black has absolutely no problems here.}) 31. c3 Rxb2 32.
cxd4 Nxd4 33. Be3 (33. Ra3 $5 {would have been definitely preferable to retain
the a2-pawn.} Rf8 34. Be3 a5 35. Rd2 Rxd2 36. Bxd2 c4 $44 {Even though Black
has just two pawns for the piece, his co-ordination is excellent and the game
should most probably end in a draw.}) 33... Rxa2 34. Rf4 Ra4 35. Ne4 Kc6 36.
Nc3 Ra3 37. Bxd4 cxd4 38. Ne2 d3 39. Rf3 Ra2 (39... dxe2 40. Rc1+ $18) 40. Nf4
d2 41. Kf2 b5 42. Rc3+ Kb7 43. Nd5 Rg7 44. Rb3 {At this point, we have reached
a critical juncture. The b-pawn is attacked and Black has to decide whether he
must play a6 to defend the b5 and follow it up with c5-c4 or to play c6 and
then push the a-pawn. This important point was brought forward to me by one of
the ChessBase website editors Albert Silver who said that Kramnik's plan of
playing a6 followed by c5-c4 was practically incorrect because it left his
king weak and open to horizontal checks. If instead he would have played his
pawn to c6 and then a5-a4, the c6-pawn would have shielded the king against
the side attacks and given him a nice square on b6. A thought provoking
observation.} a6 (44... c6 $1 45. Nb4 Ra4 46. Rxd2 a5 47. Nd3 Rag4 48. g3 Kb6
49. Ne5 R4g5 50. Re3 a4 51. Rd6 Rc7 {You can see how the c6 pawn shields the
black king and he is pretty safe over there.} 52. g4 (52. Re4 a3 $1) 52... b4
53. Re4 a3 54. Rxb4+ Kc5 55. Rxc6+ Rxc6 56. Nxc6 Kxc6 $11) 45. Nb4 Ra4 46. Rxd2
{White has won an important pawn but now the c-pawn moves ahead with a few
tempi.} c5 47. Nd5 Rd7 {The game is still nicely balanced. It is interesting
to see how top two players in the world are actually playing this weird
material balance to the best of their abilities.} 48. Rf3 Re4 49. Rf6 {Though
the position is equal, Black has to be very alert and accurate because his
king is a little exposed and the rook on f6 is very well placed.} Ka7 50. Rd3
c4 51. Rh3 Rd4 (51... Rxd5 52. Rh7+ Kb8 53. Rf8+ $18) 52. Nb4 R4d6 53. Rhh6
Rxf6+ 54. Rxf6 Rd2+ 55. Kf3 a5 (55... Kb7 $1 56. Nxa6 (56. Rxa6 $2 Rb2 $15)
56... c3 57. Nc5+ Kc7 58. Ke3 (58. Nb3 c2 $11) 58... Rxg2 $11) 56. Ra6+ Kb7 57.
Rxa5 Kb6 58. Ra2 Rd7 (58... Rd8 {It was better to prevent the rook
infiltration to a8.} 59. g4 Kc5 60. Na6+ Kb6 61. g5 c3 62. Kg4 Rd2 $11 {
and white has to be careful not to lose this position.}) (58... Rxa2 59. Nxa2
Kc5 60. g4 b4 61. Ke4 $1 b3 62. Nc3 Kb4 63. Kd4 $18) 59. Ra8 Kc5 60. Nc2 $16 {
The knight and the rook have now started to co-ordinate really well. The
knight prevents, the black king from entering the position and the white rook
will start checking from behind. A deadly combo.} Rc7 61. Rf8 $1 c3 (61... b4
$2 62. Rf5+ $18) 62. Rf5+ Kb6 (62... Kc4 63. Ne3+ $18) 63. g4 $18 {The
queenside pawns have been blockaded and the g-pawn marches ahead!} Ka5 64. g5
Ka4 65. Ke3 Rd7 66. g6 b4 67. Rf4 Kb3 68. Nxb4 Re7+ 69. Re4 Rg7 (69... Rxe4+
70. Kxe4 Kxb4 71. Kd3 $1 {was a cute little point.} Kb3 72. g7 c2 73. g8=Q+ $18
) 70. Rg4 Re7+ 71. Kf3 Rg7 72. Nc6 Rg8 73. g7 c2 74. Nd4+ Kc4 75. Nxc2+ Kd5 76.
Rg6 {A beautiful game by both sides. Firstly So for finding this brilliant
idea with Ng5 and e6 to sacrifice a pawn for initiative in the opening. Then
Kramnik who sacrificed a piece for this mass of queenside pawns. And in the
end, So for using his knight and rooks so well to keep things under control.
An absolute world class contest.} 1-0

[Event "FIDE World Cup"]
[Site "Baku"]
[Date "2015.09.14"]
[Round "2.1"]
[White "Kramnik, Vladimir"]
[Black "Bruzon Batista, Lazaro"]
[Result "1-0"]
[WhiteElo "2777"]
[BlackElo "2659"]
[Annotator "CB"]
[PlyCount "233"]
[EventDate "2015.09.11"]
[EventType "k.o."]
[EventRounds "7"]
[EventCountry "AZE"]
[SourceTitle "CBM 169"]
[Source "ChessBase"]
[SourceDate "2015.11.10"]
[SourceVersion "1"]
[SourceVersionDate "2015.11.10"]
[SourceQuality "1"]

1. Nf3 Nf6 2. g3 d5 3. Bg2 e6 4. O-O Be7 5. c4 O-O 6. d4 dxc4 7. Ne5 Nc6 8.
Nxc6 bxc6 9. Na3 Bxa3 10. bxa3 a5 11. Bxc6 Rb8 12. Qc2 Ba6 13. Rd1 Nd5 14. e4
Ne7 15. Ba4 f5 16. d5 exd5 17. exd5 Rf7 18. Be3 f4 19. Bxf4 Ng6 20. Be3 Ne5 21.
Qe4 Qe7 22. Bf4 Qxa3 23. Bxe5 Qxa4 24. Bc3 Bc8 25. g4 Qd7 26. h3 h5 27. Rd4
hxg4 28. hxg4 Bb7 29. Qe6 Re8 30. Re1 Ref8 31. f4 Qd8 32. f5 Qg5 33. Bd2 Qh4
34. Kg2 Rd8 35. Rh1 Bxd5+ 36. Rxd5 Qxg4+ 37. Kf2 Rxd5 38. Qxd5 c6 39. Qe6 Qd4+
40. Be3 Qd5 {[#]} 41. Qxd5 $6 {Danach wird die Aufgabe für Weiß viel
schwieriger.} (41. Qe8+ Rf8 42. Rh8+ Kxh8 43. Qxf8+ Kh7 44. Qc5 $18) 41... cxd5
42. Bd4 Rxf5+ 43. Ke3 Kf7 44. Rh7 Rg5 45. Kf3 Kg8 46. Rh1 Kf7 47. a3 Ke6 48.
Rb1 Rh5 49. Kg4 Rh2 50. Rb6+ Kd7 51. Kf5 Rh5+ 52. Kg4 Rh2 53. Be5 Ra2 54. Rd6+
Ke7 55. Ra6 c3 56. Bxc3 Rxa3 57. Bxg7 {[#]} Kd7 {Das Endspiel ist theoretisch
natürlich remis, nur muss Schwarz das auch nachweisen.} 58. Kf5 Kc7 59. Bd4
Kb7 60. Rb6+ Kc7 61. Ke5 Rh3 62. Kxd5 Rh5+ 63. Kc4 Kd7 64. Ra6 Rf5 65. Bc5 Rf4+
66. Kd5 Rf5+ 67. Kd4 a4 68. Kc4 Rf4+ 69. Bd4 a3 70. Kd5 Rf5+ 71. Be5 Rf7 72.
Ra8 a2 73. Ra7+ Ke8 74. Ra8+ Kd7 75. Rxa2 Ke7 76. Ra6 {Mit Let's check hat man
Zugriff auf die dort gespeicherten Tablebases und sieht, dass natürlich auch
dieses Endspiel remis ist.} Kd7 77. Bf6 Ke8 78. Ra8+ Kd7 79. Ke5 Kc6 80. Ke6
Rb7 81. Be5 Kb5 82. Kd5 Rd7+ 83. Bd6 Rb7 84. Ra1 Kb6 85. Rc1 Kb5 86. Bc7 Ka6
87. Kd6 Rb5 88. Kc6 Rb6+ 89. Kd7 Rb5 90. Kc8 Rd5 91. Rb1 Rc5 92. Rb2 Rc4 93.
Kd7 Rc5 94. Bd6 Rb5 95. Ra2+ Kb7 96. Ra4 Kb6 97. Ra1 Kb7 98. Rd1 Kb6 99. Rh1
Kb7 100. Rh6 Rd5 101. Rh8 Rb5 102. Rc8 Kb6 103. Bc7+ Kb7 104. Rg8 Rd5+ 105. Bd6
Rb5 106. Rg6 Rd5 107. Ke6 Rb5 108. Rg1 Kb6 109. Rc1 Kb7 110. Bc5 Kc6 111. Bd4+
Kb7 112. Kd6 Ka6 113. Bc5 {[#] Bis hier ist alles im Lot für Schwarz.} Kb7 $2
{Nach langer Verteidigung einmal fehlgegriffen.} (113... Rb7 $11 114. Ra1+ Kb5
115. Rb1+ Ka6) (113... Ra5 $11 114. Kc6 Rb5 $8) (113... Rb3 $11 114. Ra1+ Kb5 (
114... Kb7 $2 115. Ra7+ Kb8 116. Kc6 Rd3 117. Ra1 Rd2 118. Bd6+ Kc8 119. Ra8#))
114. Ra1 Rb3 115. Ra7+ Kb8 116. Kc6 Rh3 117. Ra1 1-0

[Event "Wch Rapid"]
[Site "Berlin"]
[Date "2015.10.11"]
[Round "8"]
[White "Kramnik, Vladimir"]
[Black "Dubov, Daniil"]
[Result "1-0"]
[WhiteElo "2777"]
[BlackElo "2661"]
[Annotator "Schulz,Andre"]
[PlyCount "91"]
[EventDate "2015.10.10"]
[EventType "swiss (rapid)"]
[EventRounds "15"]
[EventCountry "GER"]
[SourceTitle "CBM 168 Extra"]
[Source "ChessBase"]
[SourceDate "2015.10.29"]
[SourceVersion "1"]
[SourceVersionDate "2015.10.29"]
[SourceQuality "1"]

1. d4 d5 2. Bf4 Nf6 3. e3 c6 4. c4 e6 5. Nc3 Bd6 6. Bxd6 Qxd6 7. Nf3 O-O 8. Qc2
Nbd7 9. Rd1 b6 10. Be2 Bb7 11. O-O Qe7 12. e4 dxe4 13. Nxe4 c5 14. Nc3 cxd4 15.
Nxd4 Rfd8 16. Rd2 Nc5 17. Bf3 Bxf3 18. Nxf3 Rxd2 19. Qxd2 Rd8 20. Qe2 Nd3 21.
Rd1 Nf4 22. Qf1 h6 23. g3 Ng6 24. Qe2 Rxd1+ 25. Qxd1 Qb4 26. Qe2 Ne7 27. a3 Qc5
28. b4 Qc8 29. Qd3 Nc6 30. Nb5 e5 31. Nd2 a5 {[#] Wie soll man den b4 decken?}
32. c5 {Gar nicht!} axb4 33. cxb6 Qa6 {[#] Das Spiel steht objektiv vielleicht
gleich. Aber mit dem Freibauern hat Weiß doch etwas einfacheres Spiel.} 34.
Qc4 Qxb6 35. axb4 Nd8 36. Nc3 Ne6 37. b5 Nd4 38. Qc8+ Kh7 39. Nc4 Qa7 40. Kg2 (
40. b6 Qa1+ 41. Kg2 Qxc3 $19 {musste beachtet werden.}) 40... e4 $2 {Nun rennt
der weiße Bauer einfach durch.} (40... Nd7 $14) 41. b6 Qa1 42. b7 Nf3 {
Droht Matt, doch im Hinblick auf die kommende zweite Dame kann das leicht
abgewehrt werden.} 43. Nxe4 Qg1+ 44. Kxf3 Qh1+ 45. Ke2 Qxe4+ {[#]} 46. Ne3 {
Der Springer ist der beste Freund des Königs.} 1-0